[Event "CGC KO 2022"]
[Site "chess.com INT"]
[Date "2022.09.14"]
[Round "1.2"]
[White "Le, Tuan Minh"]
[Black "Ding, Liren"]
[Result "0-1"]
[WhiteTitle "IM"]
[BlackTitle "GM"]
[WhiteElo "2542"]
[BlackElo "2808"]
[WhiteFideId "12401153"]
[BlackFideId "8603677"]
[EventDate "2022.09.14"]
[EventType "k.o."]

1. d4 Nf6 2. c4 e6 3. Nf3 b6 4. a3 Bb7 5. Nc3 d5 6. cxd5 Nxd5 7. Bd2 Nf6 8. Bg5
Be7 9. e3 O-O 10. Bd3 Nbd7 11. O-O h6 12. Bh4 c5 13. Rc1 a6 14. Qe2 cxd4 15.
Nxd4 b5 16. Rfd1 Qb6 17. Bb1 Rfd8 18. h3 Rac8 19. Nf3 Re8 20. Bg3 Nc5 21. Bc2
Nfe4 22. Nxe4 Nxe4 23. Be5 Bd5 24. Bb1 Qb7 25. b4 Bf8 26. Bb2 Nd6 27. Bd3 Nc4
28. Bxc4 Bxc4 29. Qd2 Bd5 30. Ne1 Bc4 31. Qd4 e5 32. Qd7 Qxd7 33. Rxd7 f6 34.
Nf3 Red8 35. Rxd8 Rxd8 36. Bc3 Kf7 37. Nd2 Bd5 38. e4 Be6 39. Kf1 a5 40. Ke2 Rc8
41. Kd1 h5 42. h4 Be7 43. f3 a4 44. Bb2 Rxc1+ 45. Bxc1 f5 46. exf5 Bxf5 47. g3
Ke6 48. Nf1 e4 49. fxe4 Bxe4 50. Bb2 g6 51. Ne3 Bd6 52. Nf1 Bd3 53. Nd2 Bxg3 54.
Nf3 Kd5 55. Bf6 Be4 56. Nd4 Bxh4 57. Bxh4 Kxd4 58. Kd2 Kc4 59. Bg5 Kb3 60. Bf6
Kxa3 61. Kc3 Ka2 62. Bg5 Kb1 0-1

[Event "CGC KO 2022"]
[Site "chess.com INT"]
[Date "2022.09.17"]
[Round "1.2"]
[White "Leko, Peter"]
[Black "Wang, Hao"]
[Result "0-1"]
[WhiteTitle "GM"]
[BlackTitle "GM"]
[WhiteElo "2663"]
[BlackElo "2722"]
[WhiteFideId "703303"]
[BlackFideId "8602883"]
[EventDate "2022.09.14"]
[EventType "k.o."]

1. e4 c5 2. Nf3 Nc6 3. Bb5 g6 4. O-O Bg7 5. d3 Nf6 6. Nc3 O-O 7. e5 Ne8 8. Bxc6
dxc6 9. Be3 Bg4 10. Bxc5 Bxe5 11. Re1 Bd6 12. Be3 Ng7 13. h3 Bxf3 14. Qxf3 Nf5
15. Qe4 Nxe3 16. Rxe3 Bc5 17. Re2 e6 18. Rb1 Bd4 19. a3 a5 20. Nd1 Bg7 21. Ne3
Qd4 22. Nc4 Qxe4 23. Rxe4 Rfd8 24. a4 b5 25. Nd2 Rd5 26. Nb3 Kf8 27. g4 Ke7 28.
Kf1 Kd6 29. Ke2 f5 30. gxf5 exf5 31. Rh4 h6 32. c4 Re8+ 33. Kd2 Rde5 34. Nc1
bxa4 35. c5+ Rxc5 36. Rxa4 Rb5 37. b3 Rb4 0-1

[Event "CGC KO 2022"]
[Site "chess.com INT"]
[Date "2022.09.14"]
[Round "1.2"]
[White "Mamedov, Rauf"]
[Black "Nihal, Sarin"]
[Result "1/2-1/2"]
[WhiteTitle "GM"]
[BlackTitle "GM"]
[WhiteElo "2646"]
[BlackElo "2677"]
[WhiteFideId "13401653"]
[BlackFideId "25092340"]
[EventDate "2022.09.14"]
[EventType "k.o."]

1. e4 e5 2. Nf3 Nc6 3. Bc4 Bc5 4. Nc3 Nf6 5. d3 h6 6. a3 d6 7. Na4 Bb6 8. h3 Be6
9. Bxe6 fxe6 10. Nxb6 axb6 11. O-O O-O 12. b4 Qe8 13. Bb2 Nh5 14. g3 Rf6 15. Nh2
Qg6 16. b5 Nd4 17. Bxd4 exd4 18. e5 dxe5 19. Qg4 Qf5 20. Rae1 Rxa3 21. Qxf5 exf5
22. Rxe5 Rc3 23. Nf3 Rxc2 24. Nxd4 Rc5 25. Rfe1 Rxe5 26. Rxe5 g6 27. Re7 Rf7 28.
Re8+ Rf8 29. Re7 Rf7 30. Re8+ Kg7 31. Rb8 Rd7 32. Nf3 Rxd3 33. Kg2 Nf6 34. Rxb7
Rd7 35. Ne5 Re7 36. Nc6 Rd7 37. Ne5 Re7 38. Nc6 Rd7 39. Ne5 1/2-1/2

[Event "CGC KO 2022"]
[Site "chess.com INT"]
[Date "2022.09.14"]
[Round "1.2"]
[White "Martinez Alcantara, Jose Eduardo"]
[Black "Alekseenko, Kirill"]
[Result "0-1"]
[WhiteTitle "GM"]
[BlackTitle "GM"]
[WhiteElo "2591"]
[BlackElo "2707"]
[WhiteFideId "3805662"]
[BlackFideId "4135539"]
[EventDate "2022.09.14"]
[EventType "k.o."]

1. e4 e5 2. Nf3 Nc6 3. Bb5 a6 4. Ba4 Nf6 5. O-O Be7 6. Re1 b5 7. Bb3 O-O 8. a4
b4 9. d3 d6 10. Nbd2 Rb8 11. c3 Na5 12. Ba2 c5 13. Nc4 bxc3 14. bxc3 Be6 15.
Nxa5 Qxa5 16. Bxe6 fxe6 17. Bd2 c4 18. d4 h6 19. Qe2 Rfc8 20. h3 Nd7 21. Red1
Rb2 22. Qe3 Bf6 23. Be1 Qc7 24. Rdb1 Rcb8 25. Rxb2 Rxb2 26. Rd1 Qc6 27. Ra1 Qb7
28. h4 Rb1 29. Rxb1 Qxb1 30. Qe2 Qb3 31. a5 Qa4 32. Qb2 Qb3 33. Qe2 Qb5 34. Qa2
exd4 35. cxd4 d5 36. exd5 exd5 37. Qe2 Nf8 38. g4 Qb1 39. Kg2 Qg6 40. Kg3 Qf7
41. Ne5 Bxe5+ 42. Qxe5 Ng6 43. Qd6 Kh7 44. h5 Nf8 45. f3 Ne6 46. Qe5 Ng5 47. Qe3
Qc7+ 48. Kg2 Qb7 49. Bd2 Qb1 50. Kg3 Qc2 51. Qf4 Qd3 52. Qf5+ Qxf5 53. gxf5 Kg8
54. Kf4 Nf7 55. Bb4 Nd8 56. f6 Nc6 57. Bc3 gxf6 58. Kg4 Kf7 59. Kf4 Ne7 60. Kg4
Ke6 61. Kf4 Nf5 62. Bb2 Nd6 63. Bc1 Nb5 64. Kg4 Nxd4 65. Bxh6 Nf5 66. Bc1 Nd6
67. Kf4 d4 68. h6 Kf7 69. Ba3 Nb5 70. Bb4 Kg6 71. Ke4 Kxh6 72. Bc5 c3 73. Kd3
Kg5 74. Be7 Kf5 75. Bd8 Ke5 76. Be7 f5 77. Bg5 Kd5 78. Bf6 Kc5 79. Be7+ Kc6 80.
Bf6 Kd5 81. Bg7 Ke6 82. Bh6 Kf6 83. Bf4 Kg6 84. Be5 Kh5 85. Bg3 Kg5 86. Kc2 Na3+
87. Kd3 c2 88. Kd2 d3 89. Kc1 Nc4 90. Bf4+ Kg6 91. Bg5 Kf7 92. Bf4 Ke6 93. Be5
Kd7 94. Bd4 Kc6 95. Bc3 Kb5 96. f4 Ka4 97. Bb4 Kb3 98. Bc3 Ne3 99. Bd2 Nd5 100.
Be1 Nxf4 0-1

[Event "CGC KO 2022"]
[Site "chess.com INT"]
[Date "2022.09.14"]
[Round "1.2"]
[White "Matlakov, Maxim"]
[Black "Vallejo Pons, Francisco"]
[Result "1-0"]
[WhiteTitle "GM"]
[BlackTitle "GM"]
[WhiteElo "2671"]
[BlackElo "2711"]
[WhiteFideId "4168003"]
[BlackFideId "2205530"]
[EventDate "2022.09.14"]
[EventType "k.o."]

1. d4 d5 2. c4 c6 3. Nf3 Nf6 4. e3 Bf5 5. Nc3 e6 6. Nh4 Be4 7. f3 Bg6 8. Bd2 Be7
9. Nxg6 hxg6 10. Qc2 Qc7 11. O-O-O Rxh2 12. Rxh2 Qxh2 13. Qb3 Qc7 14. Kb1 Nbd7
15. cxd5 Nxd5 16. Nxd5 exd5 17. e4 Nf6 18. e5 Nd7 19. f4 O-O-O 20. g4 Rh8 21.
Qf3 Qb6 22. Bc1 Qd8 23. Bd3 Rh4 24. f5 g5 25. e6 fxe6 26. fxe6 Nb6 27. Qf7 Rxg4
28. Bf5 Rg2 29. Qxg7 Kb8 30. Rh1 Bf6 31. Bf4+ gxf4 32. Qxg2 Nc4 33. Bd3 Ne3 34.
Qg6 a5 35. Qf7 Bxd4 36. Qxf4+ 1-0

[Event "CGC KO 2022"]
[Site "chess.com INT"]
[Date "2022.09.14"]
[Round "1.2"]
[White "Melkumyan, Hrant"]
[Black "Kramnik, Vladimir"]
[Result "0-1"]
[WhiteTitle "GM"]
[BlackTitle "GM"]
[WhiteElo "2645"]
[BlackElo "2753"]
[WhiteFideId "13302485"]
[BlackFideId "4101588"]
[EventDate "2022.09.14"]
[EventType "k.o."]

1. c4 c6 2. Nf3 d5 3. g3 Nf6 4. Bg2 dxc4 5. O-O Nbd7 6. Qc2 Nb6 7. a4 a5 8. Rd1
Nfd5 9. d4 Nb4 10. Qd2 g6 11. e4 Bg4 12. Qe2 Bg7 13. Be3 O-O 14. Na3 e5 15. dxe5
Qc7 16. Bxb6 Qxb6 17. Nxc4 Qc7 18. Rd2 Rad8 19. Rad1 Rxd2 20. Rxd2 b5 21. Ne3
Bxf3 22. Bxf3 Qxe5 23. axb5 cxb5 24. Kg2 h5 25. Rd7 Nc6 26. b3 Nd4 27. Qd1 Re8
28. Rb7 h4 29. Nd5 a4 30. bxa4 bxa4 31. Rb4 Ra8 32. Nb6 Qd6 33. Rxa4 Rxa4 34.
Nxa4 Qb4 35. gxh4 Ne6 36. h5 gxh5 37. Qd7 Bd4 38. Qc8+ Kg7 39. Qc2 Qe1 40. Nb2
Nf4+ 41. Kg3 Be5 42. Nc4 Qg1+ 43. Kh4 Bf6# 0-1

[Event "CGC KO 2022"]
[Site "chess.com INT"]
[Date "2022.09.17"]
[Round "1.2"]
[White "Mitrabha, Guha"]
[Black "Duda, Jan-Krzysztof"]
[Result "0-1"]
[WhiteTitle "GM"]
[BlackTitle "GM"]
[WhiteElo "2471"]
[BlackElo "2731"]
[WhiteFideId "5057000"]
[BlackFideId "1170546"]
[EventDate "2022.09.14"]
[EventType "k.o."]

1. c4 e5 2. Nc3 Nf6 3. Nf3 Nc6 4. e4 Bb4 5. d3 d6 6. a3 Bc5 7. b4 Bb6 8. Be3 Bg4
9. Be2 O-O 10. O-O Bxf3 11. Bxf3 Nd4 12. Na4 c6 13. Nxb6 axb6 14. Bxd4 exd4 15.
Qd2 Nd7 16. Bg4 Ne5 17. Bd1 g5 18. f4 gxf4 19. Rxf4 Kh8 20. Rf5 Rg8 21. a4 Rg7
22. Be2 Qh4 23. Rh5 Qe7 24. Qb2 c5 25. a5 Qf6 26. Rf5 Qh6 27. axb6 Qe3+ 28. Kf1
Rag8 29. g3 Rxg3 30. hxg3 Qxg3 31. Bf3 Qg1+ 32. Ke2 Qe3+ 33. Kd1 Rg1+ 0-1

[Event "CGC KO 2022"]
[Site "chess.com INT"]
[Date "2022.09.16"]
[Round "1.2"]
[White "Muradli, Mahammad"]
[Black "Nepomniachtchi, Ian"]
[Result "0-1"]
[WhiteTitle "GM"]
[BlackTitle "GM"]
[WhiteElo "2555"]
[BlackElo "2792"]
[WhiteFideId "13409301"]
[BlackFideId "4168119"]
[EventDate "2022.09.14"]
[EventType "k.o."]

1. d4 Nf6 2. c4 e6 3. Nf3 d5 4. Nc3 c5 5. cxd5 cxd4 6. Qxd4 exd5 7. Bg5 Be7 8.
e3 O-O 9. Be2 h6 10. Bh4 Nc6 11. Qd3 Qb6 12. O-O Rd8 13. Bxf6 Bxf6 14. Nxd5 Qxb2
15. Rab1 Rxd5 16. Qc4 Rc5 17. Qxc5 Qxe2 18. a4 Qa6 19. Nd4 Nxd4 20. exd4 Qxa4
21. d5 b6 22. Qe3 Bf5 23. Rbd1 Re8 24. Qg3 Qg4 25. Qa3 a5 26. d6 Qb4 27. Qf3 Be6
28. Rfe1 Rd8 29. Qb7 a4 30. Qc7 a3 0-1

[Event "CGC KO 2022"]
[Site "chess.com INT"]
[Date "2022.09.16"]
[Round "1.2"]
[White "Paravyan, David"]
[Black "Erigaisi, Arjun"]
[Result "0-1"]
[WhiteTitle "GM"]
[BlackTitle "GM"]
[WhiteElo "2592"]
[BlackElo "2725"]
[WhiteFideId "4194985"]
[BlackFideId "35009192"]
[EventDate "2022.09.14"]
[EventType "k.o."]

1. d4 d5 2. c4 c6 3. Nf3 Nf6 4. Nc3 e6 5. Bg5 h6 6. Bxf6 Qxf6 7. e3 Nd7 8. Bd3
dxc4 9. Bxc4 Bd6 10. O-O Qe7 11. a3 O-O 12. Qc2 e5 13. Ne4 exd4 14. Nxd6 Qxd6
15. Rad1 Nf6 16. Rxd4 Qe7 17. h3 c5 18. Rdd1 b6 19. Nh4 Be6 20. Nf5 Bxf5 21.
Qxf5 Rad8 22. Be2 Qe4 23. Qxe4 Nxe4 24. Rfe1 g6 25. f3 Ng5 26. Bc4 Kg7 27. b4
cxb4 28. axb4 Kf6 29. Kf2 Rxd1 30. Rxd1 Rc8 31. Be2 Ne6 32. f4 Ke7 33. Ra1 Rc7
34. h4 h5 35. g4 hxg4 36. Bxg4 Ng7 37. e4 f5 38. Bf3 Ne6 39. Kg3 Nd4 40. Ra3
fxe4 41. Bxe4 Kf6 42. Rd3 Rc4 43. Ra3 Nb5 44. Re3 Rxb4 45. Bf3 Nd4 46. Bg4 Rb3
47. Rxb3 Nxb3 48. Kf2 a5 49. Bd7 Nc5 50. Bb5 a4 51. Ke3 a3 52. Bc4 b5 53. Bd5 b4
54. Kd4 Ne6+ 55. Ke3 Kf5 56. Be4+ Kg4 57. Bf3+ Kg3 58. Bd5 Nxf4 59. Bb3 Ng2+ 60.
Kd4 Nxh4 61. Kc5 g5 62. Kxb4 Kf2 63. Be6 a2 64. Bxa2 g4 65. Be6 g3 66. Bh3 Ng6 0-1

[Event "CGC KO 2022"]
[Site "chess.com INT"]
[Date "2022.09.15"]
[Round "1.2"]
[White "Ponkratov, Pavel"]
[Black "Anand, Viswanathan"]
[Result "1-0"]
[WhiteTitle "GM"]
[BlackTitle "GM"]
[WhiteElo "2593"]
[BlackElo "2756"]
[WhiteFideId "4157800"]
[BlackFideId "5000017"]
[EventDate "2022.09.14"]
[EventType "k.o."]

1. e4 e5 2. Nf3 Nc6 3. Bb5 a6 4. Ba4 Nf6 5. O-O Nxe4 6. d4 b5 7. Bb3 d5 8. dxe5
Be6 9. c3 Be7 10. Nbd2 O-O 11. Bc2 f5 12. exf6 Nxf6 13. Re1 Qd7 14. Nf1 Bd6 15.
Bg5 Kh8 16. Ng3 Bxg3 17. hxg3 Bf5 18. Bb3 Rad8 19. Bxf6 gxf6 20. Nd4 Nxd4 21.
cxd4 c6 22. Rc1 Rfe8 23. Qf3 Kg7 24. Qf4 Bg6 25. f3 a5 26. a4 Qb7 27. Kh2 Rxe1
28. Rxe1 Re8 29. Rc1 Re2 30. Bxd5 Be8 31. axb5 Qxb5 32. Qg4+ Bg6 33. Qd7+ Kh6
34. Rxc6 Rxg2+ 35. Kxg2 Qxb2+ 36. Kh3 Qa1 37. f4 1-0

[Event "CGC KO 2022"]
[Site "chess.com INT"]
[Date "2022.09.15"]
[Round "1.2"]
[White "Sadhwani, Raunak"]
[Black "Topalov, Veselin"]
[Result "1-0"]
[WhiteTitle "GM"]
[BlackTitle "GM"]
[WhiteElo "2620"]
[BlackElo "2728"]
[WhiteFideId "35093487"]
[BlackFideId "2900084"]
[EventDate "2022.09.14"]
[EventType "k.o."]

1. e4 e5 2. Nf3 Nc6 3. Bc4 Nf6 4. d3 Bc5 5. O-O d6 6. c3 a6 7. a4 h6 8. Re1 O-O
9. h3 Re8 10. Nbd2 Ba7 11. b4 Ne7 12. Nf1 c6 13. Bb3 Ng6 14. Ng3 d5 15. Qc2 Be6
16. a5 Qd7 17. exd5 Bxd5 18. Ne4 Nxe4 19. dxe4 Bxb3 20. Qxb3 Rad8 21. Ra2 c5 22.
Be3 Qc6 23. c4 Rc8 24. Rd2 Nf4 25. Bxf4 exf4 26. b5 Qe6 27. b6 Bb8 28. Rd5 Bd6
29. Qd3 Bf8 30. e5 g5 31. Rd7 Re7 32. Rd6 1-0

[Event "CGC KO 2022"]
[Site "chess.com INT"]
[Date "2022.09.17"]
[Round "1.2"]
[White "Sarana, Alexey"]
[Black "Vidit, Santosh Gujrathi"]
[Result "1/2-1/2"]
[WhiteTitle "GM"]
[BlackTitle "GM"]
[WhiteElo "2662"]
[BlackElo "2710"]
[WhiteFideId "24133795"]
[BlackFideId "5029465"]
[EventDate "2022.09.14"]
[EventType "k.o."]

1. d4 d5 2. Nf3 Nf6 3. c4 dxc4 4. e3 e6 5. Bxc4 c5 6. O-O Nc6 7. Qe2 a6 8. Rd1
b5 9. dxc5 Qc7 10. Bd3 Bxc5 11. a3 O-O 12. b4 Bd6 13. Bb2 Ne5 14. Rc1 Qb8 15.
Nxe5 Bxe5 16. Bxe5 Qxe5 17. Nd2 Bb7 18. Nf3 Bxf3 19. Qxf3 Rac8 20. Rd1 Rc3 21.
Bf1 Rb3 22. h3 Nd5 23. Qg4 g6 24. Qd4 Qxd4 25. Rxd4 Rc8 26. a4 Nxb4 27. axb5
axb5 28. Bxb5 Nc2 29. Rc4 Rxc4 30. Ra8+ Kg7 31. Bxc4 Rc3 32. Bf1 h5 33. h4 Nb4
34. g3 Rc2 35. Ra4 Nd5 36. Rd4 Rb2 37. Bc4 Nf6 38. Kf1 e5 39. Rd8 Ne4 40. Be2 f5
41. Rc8 Rb6 42. Rc7+ Kf6 43. Rc2 Nd6 44. Kg2 f4 45. exf4 exf4 46. Ra2 Rb4 47.
Bf3 Nf5 48. Ra6+ Kg7 49. Ra7+ Kh6 50. Ra2 fxg3 51. fxg3 Rb3 52. Rd2 Ra3 53. Kf2
Kg7 54. Kg2 Kf6 55. Kf2 Ke5 56. Re2+ Kd6 57. Rd2+ Ke7 58. Re2+ Kf6 59. Rb2 Rc3
60. Ra2 Kg7 61. Ra7+ Kh6 62. Ra2 Nd4 63. Be4 Nf5 64. Ra6 Kg7 65. Bxf5 gxf5 66.
Re6 Ra3 67. Re3 Ra2+ 68. Kf3 Kf6 69. Rd3 Ra6 70. Rb3 Rc6 71. Ra3 1/2-1/2

[Event "CGC KO 2022"]
[Site "chess.com INT"]
[Date "2022.09.16"]
[Round "1.2"]
[White "Shirov, Alexei"]
[Black "Svidler, Peter"]
[Result "0-1"]
[WhiteTitle "GM"]
[BlackTitle "GM"]
[WhiteElo "2673"]
[BlackElo "2683"]
[WhiteFideId "2209390"]
[BlackFideId "4102142"]
[EventDate "2022.09.14"]
[EventType "k.o."]

1. d4 Nf6 2. c4 g6 3. Nc3 d5 4. cxd5 Nxd5 5. e4 Nxc3 6. bxc3 Bg7 7. Be3 c5 8.
Nf3 Qa5 9. Qd2 O-O 10. Rc1 Rd8 11. d5 e6 12. c4 Qxd2+ 13. Bxd2 b6 14. Bd3 exd5
15. cxd5 Ba6 16. Bxa6 Nxa6 17. O-O f5 18. Bg5 Rd7 19. exf5 gxf5 20. Rcd1 Nb4 21.
d6 Nxa2 22. Bf4 Nc3 23. Rde1 Nd5 24. Be5 Re8 25. Rd1 Nc3 26. Bxc3 Bxc3 27. Rd5
Re6 28. Rfd1 Bf6 29. h3 a5 30. g4 fxg4 31. hxg4 a4 32. g5 Bb2 0-1

[Event "CGC KO 2022"]
[Site "chess.com INT"]
[Date "2022.09.14"]
[Round "1.2"]
[White "Svane, Rasmus"]
[Black "Sevian, Samuel"]
[Result "0-1"]
[WhiteTitle "GM"]
[BlackTitle "GM"]
[WhiteElo "2615"]
[BlackElo "2684"]
[WhiteFideId "4657101"]
[BlackFideId "2040506"]
[EventDate "2022.09.14"]
[EventType "k.o."]

1. d4 Nf6 2. c4 e6 3. Nf3 d5 4. g3 dxc4 5. Bg2 c5 6. O-O Nc6 7. Qa4 Bd7 8. Qxc4
cxd4 9. Nxd4 Rc8 10. Nc3 Nxd4 11. Qxd4 Bc5 12. Qh4 h6 13. Bxb7 Rb8 14. Ne4 Be7
15. Ba6 O-O 16. Nxf6+ Bxf6 17. Qe4 Bxb2 18. Bxb2 Rxb2 19. Bd3 f5 20. Qd4 Rb7 21.
Rfc1 Bb5 22. Qe3 Bxd3 23. exd3 Qd6 24. Rc4 Rd8 25. Re1 Kh7 26. Qxe6 Qxe6 27.
Rxe6 Rxd3 28. Ra6 Rd2 29. Rf4 Rd5 30. Rfa4 Rd2 31. Rf4 Rd5 32. h4 h5 33. Rfa4
Rdd7 34. Kg2 g6 35. Kf3 Kh6 36. R4a5 Rf7 37. Ra4 Rfe7 38. Kg2 Re2 39. Rf4 Re5
40. Rf3 Rc7 41. Rd3 Re2 42. Rdd6 Rg7 43. Rf6 Kh7 44. Ra5 Rc7 45. Raa6 Rcc2 46.
Rf7+ Kg8 47. Raxa7 Rxf2+ 48. Kg1 Rg2+ 49. Kf1 Rh2 50. Kg1 Rcg2+ 51. Kf1 Rd2 52.
Kg1 Rdg2+ 53. Kf1 Rb2 54. Kg1 Rhd2 55. Rg7+ Kf8 56. Raf7+ Ke8 57. Re7+ Kd8 58.
Re1 Rg2+ 59. Kf1 Rbf2# 0-1

[Event "CGC KO 2022"]
[Site "chess.com INT"]
[Date "2022.09.17"]
[Round "1.2"]
[White "Theodorou, Nikolas"]
[Black "Aronian, Levon"]
[Result "0-1"]
[WhiteTitle "GM"]
[BlackTitle "GM"]
[WhiteElo "2598"]
[BlackElo "2759"]
[WhiteFideId "4262875"]
[BlackFideId "13300474"]
[EventDate "2022.09.14"]
[EventType "k.o."]

1. Nf3 d5 2. c4 e6 3. g3 Nf6 4. Bg2 dxc4 5. Qa4+ Nbd7 6. Qxc4 a6 7. Qc2 c5 8.
Nc3 Qc7 9. O-O b6 10. d4 Bb7 11. Bf4 Bd6 12. Bxd6 Qxd6 13. Rfd1 O-O 14. e4 cxd4
15. Rxd4 Qc7 16. Qe2 Rac8 17. Rad1 b5 18. h3 h6 19. a3 Rfe8 20. Nh2 e5 21. Rd6
Re6 22. Rxe6 fxe6 23. Ng4 Qc4 24. Qe3 Qc5 25. Qxc5 Rxc5 26. f4 Kf7 27. Kf2 Nxg4+
28. hxg4 Ke7 29. Ke3 exf4+ 30. gxf4 e5 31. f5 a5 32. Bf1 b4 33. axb4 axb4 34.
Na2 Nf6 35. Be2 Rc2 36. Nxb4 Rxb2 37. Nd3 Rb3 38. Rc1 Bxe4 39. Kd2 Bxd3 40. Bxd3
e4 41. Be2 Kd6 42. g5 Rb2+ 43. Kc3 Rxe2 44. gxf6 gxf6 45. Kd4 h5 46. Rh1 Ra2 47.
Kxe4 h4 48. Rd1+ Kc5 49. Kf4 Ra4+ 50. Kf3 Rd4 51. Re1 Rd3+ 52. Kg4 h3 53. Re8 h2
54. Rh8 Rd2 55. Kf4 Kd4 56. Kg3 Ke4 57. Rh5 Ra2 58. Rh8 Kxf5 59. Kf3 Ke5 60.
Re8+ Kf5 61. Rh8 Kg6 62. Kg3 Kg5 63. Rg8+ Kf5 64. Rh8 Ke4 65. Re8+ Kd3 66. Rh8
Re2 67. Kf3 Kd2 68. Rd8+ Ke1 69. Rh8 Kf1 70. Kg3 Kg1 71. Rd8 Re3+ 72. Kf4 Rf3+
73. Kg4 h1=Q 74. Rd1+ Rf1 0-1

[Event "CGC KO 2022"]
[Site "chess.com INT"]
[Date "2022.09.15"]
[Round "1.3"]
[White "Abdusattorov, Nodirbek"]
[Black "Gelfand, Boris"]
[Result "1/2-1/2"]
[WhiteTitle "GM"]
[BlackTitle "GM"]
[WhiteElo "2713"]
[BlackElo "2668"]
[WhiteFideId "14204118"]
[BlackFideId "2805677"]
[EventDate "2022.09.14"]
[EventType "k.o."]

1. d4 Nf6 2. c4 e6 3. Nc3 Bb4 4. e3 O-O 5. Bd2 d5 6. Nf3 Nbd7 7. a3 Be7 8. Bd3
dxc4 9. Bxc4 c5 10. O-O a6 11. dxc5 Nxc5 12. Nd4 e5 13. Nf3 b5 14. Be2 e4 15.
Nd4 Bb7 16. Nf5 Re8 17. b4 Nd3 18. Nxe7+ Qxe7 19. a4 Qe5 20. axb5 axb5 21. Rxa8
Rxa8 22. Qb3 Rd8 23. Rd1 Qf5 24. Be1 Ng4 25. Bxg4 Qxg4 26. Nxb5 Rd5 27. h3 Qg6
28. Nd4 Rxd4 29. exd4 e3 30. d5 Nf4 31. g3 Nxh3+ 32. Kg2 Nf4+ 33. Kg1 Nh3+ 34.
Kg2 Nf4+ 35. Kg1 exf2+ 36. Bxf2 Qg4 37. Qa4 h6 38. Qe8+ Kh7 39. Rd2 Nh3+ 40. Kf1
Ng5 41. Qe2 Qxb4 42. Qd3+ Ne4 43. Re2 f5 44. Kg2 Qa5 45. Kg1 Bxd5 46. Re1 Bc6
47. Qf3 Qb5 48. Qe2 Qd5 49. Qf3 Qb5 50. Qe2 Qb3 51. Qe3 Qf7 52. Qf3 Bb7 53. g4
f4 54. Rxe4 Qg6 55. Qxf4 Bxe4 56. Kh2 Bd3 57. Bd4 Bb1 58. Kg3 Qc6 59. Qe5 Qd7
60. g5 h5 61. Kh2 Bg6 62. Bc3 h4 63. Qd4 Qc7+ 64. Qe5 Qf7 65. Qd4 Qc7+ 66. Qe5
Qd7 67. Qd4 Qb7 68. Qxh4+ Kg8 69. Qd4 Kh7 70. Qh4+ Kg8 71. Qd4 Qf7 72. Kg3 Qc7+
73. Qe5 Qxe5+ 74. Bxe5 Kf7 75. Bxg7 Kxg7 76. Kf4 Kf7 77. Ke5 Bb1 78. g6+ Kxg6 1/2-1/2

[Event "CGC KO 2022"]
[Site "chess.com INT"]
[Date "2022.09.14"]
[Round "1.3"]
[White "Alekseenko, Kirill"]
[Black "Martinez Alcantara, Jose Eduardo"]
[Result "0-1"]
[WhiteTitle "GM"]
[BlackTitle "GM"]
[WhiteElo "2707"]
[BlackElo "2591"]
[WhiteFideId "4135539"]
[BlackFideId "3805662"]
[EventDate "2022.09.14"]
[EventType "k.o."]

1. e4 c5 2. Nf3 d6 3. Nc3 Nf6 4. Be2 Nc6 5. O-O Bg4 6. h3 Bxf3 7. Bxf3 g6 8. d3
Bg7 9. g3 O-O 10. Bg2 Rb8 11. a4 a6 12. Ne2 b5 13. axb5 axb5 14. c3 b4 15. Be3
Qc7 16. d4 bxc3 17. bxc3 Rfc8 18. dxc5 dxc5 19. Bxc5 Nd7 20. Be3 Nb6 21. f4 Nc4
22. Bf2 e5 23. Qd3 N6a5 24. fxe5 Nxe5 25. Qc2 Nac6 26. Rab1 Nb4 27. Qa4 Nbd3 28.
Rxb8 Rxb8 29. Bd4 h5 30. Nf4 Nxf4 31. gxf4 Nc6 32. e5 Ne7 33. Rd1 Nf5 34. Bf2
Qxc3 35. Qa7 Rc8 36. Qd7 Rc7 37. Qe8+ Kh7 38. e6 fxe6 39. Qxe6 Re7 40. Qc6 Qb4
41. Bc5 Bd4+ 42. Bxd4 Nxd4 43. Qf6 Ne2+ 44. Kh1 Ng3+ 45. Kh2 Nf5 46. Rf1 Qa3 47.
Qg5 Re2 48. Rd1 Re7 49. Rf1 Qb2 50. Rd1 Qc2 51. Rf1 Re2 52. Ra1 Qc7 53. Rf1 Rc2
54. Re1 Rb2 55. Kh1 Qc3 56. Kh2 Qxe1 0-1

[Event "CGC KO 2022"]
[Site "chess.com INT"]
[Date "2022.09.15"]
[Round "1.3"]
[White "Anand, Viswanathan"]
[Black "Ponkratov, Pavel"]
[Result "1/2-1/2"]
[WhiteTitle "GM"]
[BlackTitle "GM"]
[WhiteElo "2756"]
[BlackElo "2593"]
[WhiteFideId "5000017"]
[BlackFideId "4157800"]
[EventDate "2022.09.14"]
[EventType "k.o."]

1. e4 e5 2. Nf3 d6 3. d4 exd4 4. Nxd4 Nf6 5. Nc3 Be7 6. Bf4 Nc6 7. Qd2 O-O 8.
O-O-O Nxd4 9. Qxd4 a6 10. h3 b5 11. g4 c5 12. Qe3 b4 13. Ne2 Be6 14. Ng3 d5 15.
Bc4 d4 16. Qb3 Bxc4 17. Qxc4 Nd7 18. Kb1 Nb6 19. Qd3 Re8 20. h4 c4 21. Qxd4 Qxd4
22. Rxd4 Bc5 23. Rdd1 Bxf2 24. e5 Bxg3 25. Bxg3 Rad8 26. Rd6 Rxd6 27. exd6 f6
28. Rd1 Nd7 29. Be1 a5 30. a3 Re4 31. axb4 axb4 32. Bxb4 Kf7 33. Rg1 h5 34. gxh5
Rxh4 35. Re1 Ne5 36. d7 Rd4 37. Bc3 Rxd7 38. Bxe5 fxe5 39. Rxe5 Rc7 40. Kc1 Kf6
41. Rd5 Ke6 42. Rg5 Kf6 43. Rb5 c3 44. b4 Re7 45. Kb1 Re2 46. Rc5 Re4 47. b5
Rb4+ 48. Kc1 Ke6 49. Kd1 Kd6 50. Rg5 Rd4+ 51. Ke1 Rd2 52. Rxg7 Rxc2 53. b6 Rc1+
54. Ke2 c2 55. Kd2 Rh1 56. Kxc2 Rxh5 57. b7 Rb5 58. Kc3 Kc6 59. Kc4 Rxb7 60.
Rxb7 Kxb7 1/2-1/2

[Event "CGC KO 2022"]
[Site "chess.com INT"]
[Date "2022.09.15"]
[Round "1.3"]
[White "Andreikin, Dmitry"]
[Black "Hakobyan, Aram"]
[Result "1-0"]
[WhiteTitle "GM"]
[BlackTitle "GM"]
[WhiteElo "2729"]
[BlackElo "2611"]
[WhiteFideId "4158814"]
[BlackFideId "13306677"]
[EventDate "2022.09.14"]
[EventType "k.o."]

1. Nf3 d5 2. d4 Nf6 3. e3 e6 4. Bd3 Be7 5. O-O O-O 6. b3 b6 7. Bb2 Bb7 8. Nbd2
Nbd7 9. Qe2 c5 10. Ne5 Qc7 11. f4 Rac8 12. Rad1 g6 13. Ndf3 cxd4 14. Bxd4 Nc5
15. Ng5 Nfe4 16. Ng4 f6 17. Bxe4 dxe4 18. Bxc5 fxg5 19. Nh6+ Kg7 20. Bd4+ Bf6
21. fxg5 Bxd4 22. Rxd4 Rxf1+ 23. Qxf1 Rf8 24. Rd7+ Qxd7 25. Qa1+ 1-0

[Event "CGC KO 2022"]
[Site "chess.com INT"]
[Date "2022.09.17"]
[Round "1.3"]
[White "Aronian, Levon"]
[Black "Theodorou, Nikolas"]
[Result "1/2-1/2"]
[WhiteTitle "GM"]
[BlackTitle "GM"]
[WhiteElo "2759"]
[BlackElo "2598"]
[WhiteFideId "13300474"]
[BlackFideId "4262875"]
[EventDate "2022.09.14"]
[EventType "k.o."]

1. e4 c5 2. Nf3 Nc6 3. Bb5 e6 4. O-O Nge7 5. Re1 a6 6. Bf1 d5 7. exd5 Nxd5 8. d4
Nf6 9. Be3 Be7 10. dxc5 Qxd1 11. Rxd1 Ng4 12. Bd2 Bxc5 13. Be1 e5 14. Nbd2 Bf5
15. h3 Nh6 16. Nc4 f6 17. Bd2 O-O-O 18. Bxh6 gxh6 19. c3 Kc7 20. Ne3 Be4 21. Nd2
Bg6 22. Nb3 Bxe3 23. fxe3 Bc2 24. Re1 Kb6 25. Re2 Bg6 26. Rf2 Rhf8 27. a4 a5 28.
Nd2 Kc7 29. Bb5 b6 30. Raf1 Ne7 31. e4 Nc8 32. Nc4 Nd6 33. Rxf6 Rxf6 34. Rxf6
Nxc4 35. Bxc4 Bxe4 36. Kf2 Bg6 37. Ke2 Rd6 38. Rxd6 Kxd6 39. Ke3 Bc2 40. Bb5 Kc5
41. g3 Bf5 42. h4 Bc2 43. Bd7 Bg6 44. Bb5 Bc2 45. Bd7 Bg6 46. Bb5 Bc2 1/2-1/2